[Event "LTU M16"]
[Site "Vilnius"]
[Date "2019.02.15"]
[Round "1.1"]
[White "Maciulaityte, Barbora"]
[Black "Versekenaite, Gabija"]
[Result "1-0"]
[WhiteElo "1707"]
[BlackElo "1325"]
[PlyCount "47"]
[EventDate "2019.02.15"]

1. e4 e5 2. Nc3 Nf6 3. g3 Nc6 4. Bg2 a6 5. Nge2 Bc5 6. O-O O-O 7. b3 d6 8. Bb2
Bg4 9. Kh1 Qd7 10. f3 Bh5 11. g4 Bg6 12. Ng3 h5 13. g5 h4 14. gxf6 hxg3 15. f4
Qd8 16. Nd5 gxf6 17. Qg4 f5 18. exf5 Qc8 19. Nf6+ Kg7 20. fxe5 Nxe5 21. Qxg3
Kxf6 22. fxg6+ Ke6 23. g7 Rg8 24. Bh3+ 1-0

[Event "LTU M16"]
[Site "Vilnius"]
[Date "2019.02.15"]
[Round "1.2"]
[White "Ceseviciute, Gertruda"]
[Black "Meskauskaite, Gabija"]
[Result "0-1"]
[WhiteElo "1073"]
[BlackElo "1259"]
[PlyCount "72"]
[EventDate "2019.02.15"]

1. Nc3 e5 2. e4 Nf6 3. d3 Nc6 4. f4 d5 5. Nf3 dxe4 6. fxe5 exf3 7. Qxf3 Qe7 8.
Be2 Qxe5 9. Bf4 Qc5 10. Be3 Nd4 11. Bxd4 Qxd4 12. O-O-O Bg4 13. Nb5 Bxf3 14.
Nxd4 Bxe2 15. Nxe2 Bd6 16. g3 O-O-O 17. Nd4 Ng4 18. Rd2 Be7 19. Nf5 Bg5 20.
Nxg7 Bxd2+ 21. Kxd2 b6 22. Nf5 Rhe8 23. h3 Ne5 24. Rf1 Rg8 25. g4 Rg5 26. Nh6
Rd6 27. Nxf7 Nxf7 28. Rxf7 h5 29. Rf4 hxg4 30. hxg4 Rdg6 31. Ra4 Kb7 32. Re4
Rxg4 33. Ke3 Rg2 34. Rc4 Rc6 35. b3 Rxc4 36. dxc4 Rxc2 0-1

[Event "LTU M16"]
[Site "Vilnius"]
[Date "2019.02.15"]
[Round "1.3"]
[White "Karaliute, Vestina"]
[Black "Ravlusevic, Evelina"]
[Result "0-1"]
[WhiteElo "1363"]
[BlackElo "1681"]
[PlyCount "172"]
[EventDate "2019.02.15"]

1. d4 d5 2. Nf3 Nf6 3. Bg5 Ne4 4. Bh4 c6 5. Nbd2 Bf5 6. e3 Qb6 7. Nb3 e6 8. Bd3
a5 9. a4 Bb4+ 10. Kf1 Nd7 11. Ra2 O-O 12. Ng5 Be7 13. Nxe4 Bxh4 14. Ng3 Bg6 15.
Ke2 e5 16. Kf1 e4 17. Be2 f5 18. Nh5 Bg5 19. g3 Bf7 20. Rg1 Qc7 21. Ra1 Rac8
22. Rc1 c5 23. c3 c4 24. Nd2 Qd8 25. Ra1 g6 26. Nf4 Bxf4 27. gxf4 Qh4 28. Rg2
Rc6 29. Ke1 Nf6 30. Nb1 Rb6 31. Ra2 Qh3 32. Kf1 Kh8 33. Kg1 Rg8 34. Rg3 Qh6 35.
Qf1 Be8 36. Qg2 Qf8 37. Na3 Qe7 38. Nb1 Ra6 39. Bd1 Rb6 40. Kf1 h5 41. h4 Ra6
42. Na3 Ng4 43. Bxg4 fxg4 44. Nc2 Qxh4 45. Qg1 Qf6 46. Qh2 Kg7 47. Ne1 Qb6 48.
Qh4 Qf6 49. Qh2 Rb6 50. Nc2 Bd7 51. Ke2 Ra6 52. Rg1 Qb6 53. Qh4 Re8 54. Rga1
Qd6 55. Ne1 Rb6 56. Qg5 Rb3 57. Ng2 Bf5 58. Qh4 Qb6 59. Ne1 Rxb2+ 60. Kf1 Qb3
61. Ra3 Qb6 62. Kg2 Rb1 63. Qh1 Rxa1 64. Rxa1 Qb2 65. Rd1 Qxc3 66. Kg3 Qb3 67.
Ng2 c3 68. Rb1 Qxa4 69. Rxb7+ Bd7 70. f5 Qc6 71. Rb1 Bxf5 72. Qc1 Qc7+ 73. Nf4
g5 74. Rb5 gxf4+ 75. exf4 Ra8 76. Rc5 Qe7 77. Qxc3 h4+ 78. Kg2 a4 79. Ra5 Rc8
80. Qe3 h3+ 81. Kh2 Qb7 82. Rxa4 Rc2 83. Ra5 Qb2 84. Ra7+ Kg6 85. Ra6+ Kh5 86.
Kg3 Rc3 0-1

[Event "LTU M16"]
[Site "Vilnius"]
[Date "2019.02.15"]
[Round "1.4"]
[White "Staskeviciute, Darija"]
[Black "Plutaite, Ausra"]
[Result "1-0"]
[WhiteElo "1575"]
[BlackElo "1388"]
[PlyCount "139"]
[EventDate "2019.02.15"]

1. d4 d5 2. Nf3 e6 3. c4 a6 4. Nc3 dxc4 5. a4 c6 6. e4 b5 7. axb5 cxb5 8. Nxb5
Bb7 9. Nc3 Nf6 10. e5 Nd5 11. Bxc4 Bb4 12. Qb3 a5 13. O-O Nb6 14. Bg5 Qc7 15.
Be2 O-O 16. Rac1 Qd7 17. Rfd1 Nd5 18. Bb5 Bc6 19. Bxc6 Nxc6 20. Nxd5 exd5 21.
Qe3 Ne7 22. Qf4 Ng6 23. Qg3 h6 24. Be3 Be7 25. h4 Qf5 26. Rc6 Rfc8 27. Rdc1
Rxc6 28. Rxc6 Qb1+ 29. Bc1 h5 30. Kh2 Qe4 31. Bg5 Bxg5 32. Qxg5 Qf4+ 33. Qxf4
Nxf4 34. Rb6 Nd3 35. Kg3 a4 36. Rb5 Rd8 37. Nd2 Kf8 38. Nb1 Ke7 39. Nc3 Rc8 40.
Nxd5+ Ke6 41. Nf4+ Nxf4 42. Kxf4 Rc4 43. Ke3 Rc2 44. g3 g6 45. f4 Rg2 46. d5+
Kd7 47. Kf3 Rd2 48. Rb7+ Ke8 49. d6 Rd3+ 50. Kg2 Rd2+ 51. Kh3 Re2 52. Ra7 Re4
53. Rc7 Rb4 54. Rc2 Kd7 55. Kg2 Rb7 56. Kf1 Rb3 57. Rg2 Kd8 58. Ke1 a3 59. bxa3
Rxa3 60. Kf2 Ra1 61. g4 Ra4 62. gxh5 Rxf4+ 63. Ke3 Rf5 64. Rg5 Rxg5 65. hxg5
gxh5 66. Kf4 Ke8 67. Kg3 Kd7 68. Kh4 Ke6 69. Kxh5 f5 70. gxf6 1-0

[Event "LTU M16"]
[Site "Vilnius"]
[Date "2019.02.15"]
[Round "1.5"]
[White "Ceponyte, Barbora"]
[Black "Perminaite, Simona"]
[Result "0-1"]
[WhiteElo "1096"]
[BlackElo "1340"]
[PlyCount "98"]
[EventDate "2019.02.15"]

1. d4 Nf6 2. Bf4 g6 3. e3 Bg7 4. Nf3 O-O 5. Be2 d6 6. O-O Nfd7 7. Bg3 Nc6 8. c4
e5 9. d5 Ne7 10. e4 f5 11. Nc3 a5 12. b3 Nc5 13. Bd3 h6 14. h3 f4 15. Bh2 g5
16. Re1 Ng6 17. Rc1 h5 18. Be2 g4 19. hxg4 hxg4 20. Nd2 Qg5 21. g3 fxg3 22.
Bxg3 Bh6 23. Nf1 Qh5 24. Nh2 Bxc1 25. Qxc1 Nf4 26. Qd1 Nh3+ 27. Kg2 Nf4+ 28.
Kg1 Nxe2+ 29. Qxe2 Bd7 30. Nd1 Rf7 31. Ne3 Rg7 32. Ng2 Rf8 33. Nh4 b6 34. Ra1
Qg5 35. Qc2 Rh7 36. Rf1 Rxh4 37. Bxh4 Qxh4 38. Qe2 g3 39. Nf3 Qxe4 40. Qxe4
Nxe4 41. fxg3 Nxg3 42. Rf2 Ne4 43. Rg2+ Kf7 44. Re2 Nc5 45. Ng5+ Ke7 46. Rh2
Rg8 47. Rh7+ Ke8 48. Rh5 Ne4 49. Kf1 Nxg5 0-1

[Event "LTU M16"]
[Site "Vilnius"]
[Date "2019.02.16"]
[Round "2.1"]
[White "Versekenaite, Gabija"]
[Black "Perminaite, Simona"]
[Result "0-1"]
[WhiteElo "1325"]
[BlackElo "1340"]
[PlyCount "94"]
[EventDate "2019.02.15"]

1. e4 d6 2. d4 Nf6 3. Nc3 g6 4. Nf3 Bg7 5. Bc4 Nc6 6. Ng5 O-O 7. O-O e5 8. d5
Ne7 9. Be2 h6 10. Nf3 Nh7 11. h3 f5 12. Qd3 f4 13. Nh2 Nf6 14. Ng4 Nxg4 15.
Bxg4 Bxg4 16. hxg4 g5 17. Qh3 Ng6 18. Bd2 Nh4 19. f3 Rf7 20. Be1 Ng6 21. Kf2 a5
22. Ne2 Qb8 23. Rh1 Qa7+ 24. Kf1 Qb6 25. Bc3 Qc5 26. Rd1 b5 27. Rc1 b4 28. Be1
Qb5 29. b3 a4 30. Bf2 axb3 31. axb3 Ra2 32. Ke1 c6 33. Qh5 Ne7 34. dxc6 Qxc6
35. c3 bxc3 36. Rxc3 Rxe2+ 37. Kxe2 Qxc3 38. Bb6 Qc8 39. Rd1 Qa6+ 40. Rd3 Qxb6
41. Qh1 Nc6 42. Qc1 Nd4+ 43. Kf1 Rc7 44. Qa1 Qa7 45. Qb2 Rc2 46. Qb1 Ra2 47.
Rd1 Nxf3 0-1

[Event "LTU M16"]
[Site "Vilnius"]
[Date "2019.02.16"]
[Round "2.2"]
[White "Plutaite, Ausra"]
[Black "Ceponyte, Barbora"]
[Result "1-0"]
[WhiteElo "1388"]
[BlackElo "1096"]
[PlyCount "49"]
[EventDate "2019.02.15"]

1. e4 c6 2. d4 d5 3. exd5 cxd5 4. Bd3 Nc6 5. c3 Nf6 6. Nf3 Bg4 7. Bf4 e6 8.
Nbd2 Bd6 9. Bg3 O-O 10. Qc2 Bxf3 11. Nxf3 h6 12. O-O Bxg3 13. fxg3 Ng4 14. Rae1
Qd6 15. Qe2 Rac8 16. Bb1 Nf6 17. Ne5 Rfd8 18. Rxf6 gxf6 19. Qg4+ Kf8 20. Qh5
fxe5 21. Rf1 Qe7 22. Qxh6+ Ke8 23. Bg6 Qf8 24. Bxf7+ Ke7 25. Qxe6# 1-0

[Event "LTU M16"]
[Site "Vilnius"]
[Date "2019.02.16"]
[Round "2.3"]
[White "Ravlusevic, Evelina"]
[Black "Staskeviciute, Darija"]
[Result "1-0"]
[WhiteElo "1681"]
[BlackElo "1575"]
[PlyCount "89"]
[EventDate "2019.02.15"]

1. d4 d5 2. c4 c6 3. Nf3 Nf6 4. Nc3 e6 5. e3 Nbd7 6. Bd3 dxc4 7. Bxc4 b5 8. Bd3
Bb7 9. a3 a6 10. b4 Be7 11. O-O O-O 12. e4 Nb6 13. h3 a5 14. Rb1 Qd7 15. Be3
axb4 16. axb4 Na4 17. Ne2 Rfd8 18. Ne5 Qe8 19. Qc2 Bd6 20. Nxf7 Qxf7 21. e5 h6
22. exd6 Rxd6 23. Bf4 Rd7 24. Be5 Nb6 25. Nf4 Nbd5 26. Bg6 Qe7 27. Nd3 Rf8 28.
Nc5 Rdd8 29. Rfe1 Bc8 30. Bg3 Nb6 31. Nxe6 Bxe6 32. Qxc6 Bd5 33. Qxb6 Qd7 34.
Bc7 Ra8 35. Bd6 Rfd8 36. Be5 Ne8 37. Rbc1 Bc4 38. Be4 Ra2 39. Ra1 Rc8 40. Qg6
Rb2 41. Bf5 Qc6 42. Qh7+ Kf8 43. Bxc8 Qxc8 44. Qh8+ Kf7 45. Ra7+ 1-0

[Event "LTU M16"]
[Site "Vilnius"]
[Date "2019.02.16"]
[Round "2.4"]
[White "Meskauskaite, Gabija"]
[Black "Karaliute, Vestina"]
[Result "0-1"]
[WhiteElo "1259"]
[BlackElo "1363"]
[PlyCount "110"]
[EventDate "2019.02.15"]

1. e4 d5 2. exd5 Nf6 3. Nc3 Nxd5 4. Nxd5 Qxd5 5. Nf3 Bg4 6. Be2 e6 7. O-O Bc5
8. d4 Bb6 9. h3 Bh5 10. Bd2 c6 11. c4 Qd8 12. Bg5 f6 13. Bh4 Bxf3 14. Bxf3 Qxd4
15. Qxd4 Bxd4 16. Rab1 O-O 17. b3 e5 18. b4 a6 19. a4 Kh8 20. b5 Rf7 21. Rb3 h6
22. Rfb1 Ra7 23. Bh5 Re7 24. Bg6 c5 25. Kf1 a5 26. b6 Ra6 27. Bg3 Nc6 28. f4
Ra8 29. fxe5 Bxe5 30. Bxe5 Rxe5 31. Rd1 Rd8 32. Rbb1 Rxd1+ 33. Rxd1 Nd4 34. Rd2
Kg8 35. Kf2 Kf8 36. Bd3 Ke7 37. g4 h5 38. Bf1 hxg4 39. hxg4 Kd7 40. Bg2 Kc8 41.
Kg3 Re6 42. Rb2 g5 43. Bd5 Re2 44. Rxe2 Nxe2+ 45. Kf3 Nc3 46. Be6+ Kd8 47. Ke3
Nxa4 48. Kd2 Nxb6 49. Kc3 a4 50. Kb2 Ke7 51. Bf5 Nxc4+ 52. Ka2 Kd6 53. Ka1 Kc6
54. Ka2 b5 55. Ka1 b4 0-1

[Event "LTU M16"]
[Site "Vilnius"]
[Date "2019.02.16"]
[Round "2.5"]
[White "Maciulaityte, Barbora"]
[Black "Ceseviciute, Gertruda"]
[Result "1-0"]
[WhiteElo "1707"]
[BlackElo "1073"]
[PlyCount "103"]
[EventDate "2019.02.15"]

1. e4 Nc6 2. d4 d5 3. e5 Bf5 4. Nf3 e6 5. Be2 f6 6. exf6 Nxf6 7. Bf4 h6 8. Nbd2
Bd6 9. Bxd6 Qxd6 10. Nb3 b6 11. a3 O-O 12. O-O Rfe8 13. Nh4 Bh7 14. f4 Na5 15.
Nd2 Qd8 16. Nhf3 Nc4 17. Qc1 Ng4 18. Re1 Nce3 19. h3 Nxc2 20. hxg4 Nxe1 21.
Qxe1 c5 22. Bb5 Re7 23. Ne5 Rc7 24. Ndf3 a6 25. Bf1 Qf6 26. Qe3 cxd4 27. Nxd4
g5 28. g3 gxf4 29. gxf4 b5 30. Bh3 Rg7 31. Rf1 Rf8 32. Nef3 Be4 33. Kg2 Qxf4
34. Qxf4 Rxf4 35. Nxe6 Rxf3 36. Rxf3 Rf7 37. Nd4 Bxf3+ 38. Nxf3 Rd7 39. Nd4 Rd6
40. Kf3 Kf7 41. Kf4 Kf6 42. Nf5 Re6 43. Nxh6 Re8 44. g5+ Kg6 45. Bf5+ Kg7 46.
Bd3 Kf8 47. g6 Re1 48. Kg5 Rg1+ 49. Kf6 Rg3 50. Bb1 d4 51. Nf5 Rf3 52. g7+ 1-0

[Event "LTU M16"]
[Site "Vilnius"]
[Date "2019.02.16"]
[Round "3.1"]
[White "Ceseviciute, Gertruda"]
[Black "Versekenaite, Gabija"]
[Result "0-1"]
[WhiteElo "1073"]
[BlackElo "1325"]
[PlyCount "84"]
[EventDate "2019.02.15"]

1. Nc3 Nf6 2. e4 e5 3. Nf3 Nc6 4. d4 exd4 5. Nxd4 Bc5 6. Nxc6 bxc6 7. Be2 Qe7
8. Bd3 O-O 9. O-O d6 10. h3 Re8 11. Re1 Bf5 12. Qf3 Bg6 13. Bd2 Bd4 14. Be3 Be5
15. Rab1 Bxc3 16. bxc3 Bxe4 17. Bxe4 Qxe4 18. Qxe4 Rxe4 19. Bd4 Rxe1+ 20. Rxe1
Nd5 21. c4 Nb6 22. c5 Nd5 23. cxd6 cxd6 24. Bxa7 Kf8 25. c4 Rxa7 26. cxd5 Rxa2
27. dxc6 Rc2 28. Rd1 Rxc6 29. f3 Ke7 30. Kf2 Rc2+ 31. Kg3 Re2 32. Rd3 Ke6 33.
f4 d5 34. Kf3 Re1 35. Re3+ Rxe3+ 36. Kxe3 Kd6 37. Kd4 Ke6 38. g3 h5 39. g4 hxg4
40. hxg4 Kd6 41. g5 g6 42. Ke3 Ke6 0-1

[Event "LTU M16"]
[Site "Vilnius"]
[Date "2019.02.16"]
[Round "3.2"]
[White "Karaliute, Vestina"]
[Black "Maciulaityte, Barbora"]
[Result "0-1"]
[WhiteElo "1363"]
[BlackElo "1707"]
[PlyCount "112"]
[EventDate "2019.02.15"]

1. d4 Nf6 2. c4 g6 3. Nc3 d5 4. Bg5 Ne4 5. Bh4 Nxc3 6. bxc3 Bg7 7. e3 c5 8.
cxd5 Qxd5 9. Qf3 Be6 10. Bb5+ Nc6 11. Ba4 cxd4 12. exd4 Qd7 13. Ne2 Bd5 14. Qg3
Bc4 15. Qf3 Bd5 16. Qg3 Qe6 17. Rb1 b6 18. Bb3 Bxb3 19. axb3 Qe4 20. Rb2 O-O
21. O-O e5 22. dxe5 Nxe5 23. Bg5 Rac8 24. Qe3 Qc6 25. h3 Rfe8 26. Qd2 Nd7 27.
Rc2 Nc5 28. Rb1 Ne4 29. Qc1 Nxc3 30. Nxc3 Bxc3 31. Ra2 Re1+ 32. Qxe1 Bxe1 33.
Rxe1 a5 34. Bh6 f6 35. Rae2 g5 36. Re6 Qc3 37. h4 gxh4 38. R6e4 Kf7 39. R4e3
Qb4 40. Re4 Qxb3 41. Rg4 Rg8 42. Rge4 h3 43. Re7+ Kg6 44. R1e3 Qd1+ 45. Kh2
Qd6+ 46. Kg1 Qxe7 47. Rxe7 Kxh6 48. g3 Rb8 49. Re1 b5 50. Kh2 b4 51. Kxh3 b3
52. Rb1 b2 53. f4 a4 54. g4 a3 55. g5+ fxg5 56. fxg5+ Kxg5 0-1

[Event "LTU M16"]
[Site "Vilnius"]
[Date "2019.02.16"]
[Round "3.3"]
[White "Staskeviciute, Darija"]
[Black "Meskauskaite, Gabija"]
[Result "1-0"]
[WhiteElo "1575"]
[BlackElo "1259"]
[PlyCount "77"]
[EventDate "2019.02.15"]

1. d4 d5 2. Nf3 Nc6 3. c4 Bf5 4. Nc3 Nf6 5. e3 e6 6. cxd5 Nxd5 7. Bc4 Bb4 8.
Qb3 Nce7 9. O-O Nxc3 10. bxc3 Bd6 11. Qxb7 O-O 12. Re1 h6 13. e4 Bg6 14. e5 Nf5
15. exd6 Nxd6 16. Qc6 Rb8 17. Bb3 Bd3 18. Ne5 Bb5 19. Qf3 Qe8 20. Qg3 Nf5 21.
Qg4 Qe7 22. Bc2 Qf6 23. a4 Be8 24. Ba3 Ne7 25. Re3 Nd5 26. Rf3 Qd8 27. Bxf8
Kxf8 28. Qxe6 Nf6 29. Qf5 Qe7 30. h3 Qd6 31. Re1 Qd8 32. Ng4 Rb6 33. Qc5+ Rd6
34. Nxf6 gxf6 35. Qh5 f5 36. Qxf5 Rd7 37. Qh7 f6 38. Qh8+ Kf7 39. Bb3+ 1-0

[Event "LTU M16"]
[Site "Vilnius"]
[Date "2019.02.16"]
[Round "3.4"]
[White "Ceponyte, Barbora"]
[Black "Ravlusevic, Evelina"]
[Result "0-1"]
[WhiteElo "1096"]
[BlackElo "1681"]
[PlyCount "102"]
[EventDate "2019.02.15"]

1. d4 d5 2. Bf4 Nf6 3. e3 c5 4. Nf3 e6 5. Bd3 Nc6 6. O-O Qb6 7. Qc1 cxd4 8.
exd4 Nxd4 9. Be3 Nxf3+ 10. gxf3 Qc7 11. Nc3 a6 12. Bf4 Bd6 13. Bg3 h5 14. Bxd6
Qxd6 15. Qg5 Rg8 16. Ne2 e5 17. Ng3 g6 18. Rfe1 Bf5 19. Rad1 O-O-O 20. c4 Kb8
21. cxd5 Nd7 22. Ne4 Qxd5 23. Bxa6 Qxa2 24. Bb5 Qa5 25. Bxd7 Rxd7 26. Nf6 Rxd1
27. Rxd1 Rd8 28. Rxd8+ Qxd8 29. Kg2 Kc7 30. Qc1+ Kb8 31. Ne4 Qc7 32. Qh6 Qd8
33. Qe3 h4 34. Ng5 f6 35. Nf7 Qd7 36. Qb3 Be6 37. Nxe5 fxe5 38. Qc2 h3+ 39. Kg3
Qf7 40. Qe4 Qf6 41. f4 Qxf4+ 42. Qxf4 exf4+ 43. Kxf4 Kc7 44. Ke5 Bf5 45. Kd5
Kb6 46. Kc4 Kc6 47. Kd4 b5 48. b3 Kd6 49. Kc3 Kc5 50. b4+ Kd5 51. Kb3 Ke4 0-1

[Event "LTU M16"]
[Site "Vilnius"]
[Date "2019.02.16"]
[Round "3.5"]
[White "Perminaite, Simona"]
[Black "Plutaite, Ausra"]
[Result "1-0"]
[WhiteElo "1340"]
[BlackElo "1388"]
[PlyCount "93"]
[EventDate "2019.02.15"]

1. e4 e6 2. d4 d5 3. Nc3 Nf6 4. e5 Nfd7 5. f4 c5 6. Nf3 Nc6 7. Be3 Be7 8. Qd2
O-O 9. Be2 b6 10. O-O Bb7 11. Rad1 f6 12. exf6 Bxf6 13. dxc5 bxc5 14. Na4 Qe7
15. a3 d4 16. Bf2 e5 17. fxe5 Ncxe5 18. Nxe5 Nxe5 19. Qa5 Rac8 20. Bg3 Nc6 21.
Bc4+ Kh8 22. Qxc5 Qe3+ 23. Bf2 Qe4 24. Bd5 Qg4 25. Bf3 Qg6 26. Qb5 Qxc2 27. Rc1
a6 28. Qxb7 Qxa4 29. Bxc6 Qa5 30. Be4 Rb8 31. Qd7 Be5 32. Qh3 h6 33. b4 Qb5 34.
Bd3 Qd5 35. Bxa6 Qa2 36. Bc4 Qb2 37. Bg3 Bxg3 38. Qxg3 Kh7 39. Qd3+ Kh8 40. Rb1
Rxf1+ 41. Rxf1 Ra8 42. Bd5 Qxa3 43. Rf8+ Rxf8 44. Qxa3 Rd8 45. Be4 Re8 46. Qf3
g6 47. Qf6+ 1-0

[Event "LTU M16"]
[Site "Vilnius"]
[Date "2019.02.17"]
[Round "4.1"]
[White "Versekenaite, Gabija"]
[Black "Plutaite, Ausra"]
[Result "1/2-1/2"]
[WhiteElo "1325"]
[BlackElo "1388"]
[PlyCount "163"]
[EventDate "2019.02.15"]

1. e4 e6 2. d4 d5 3. exd5 exd5 4. Nc3 Nf6 5. Nf3 Bd6 6. Bd3 Bg4 7. Qe2+ Be7 8.
h3 Bh5 9. O-O O-O 10. Re1 Bd6 11. Bg5 c6 12. Rad1 Nbd7 13. a3 Qc7 14. Bf5 h6
15. Bc1 Rae8 16. Qd3 Bxf3 17. Qxf3 Nb6 18. Bd3 c5 19. Bxh6 c4 20. Bf1 Ne4 21.
Nxd5 Nxd5 22. Rxe4 Rxe4 23. Qxe4 Ne7 24. Bc1 Ng6 25. Be2 Nf4 26. Bf3 b5 27. Qc6
Qe7 28. Bxf4 Bxf4 29. Qxb5 c3 30. bxc3 Qxa3 31. Qb4 Qa2 32. Qb3 Qa6 33. c4 Re8
34. d5 Qa5 35. Qb1 Qc3 36. d6 Bxd6 37. Bc6 Re7 38. g3 Bxg3 39. fxg3 Qxg3+ 40.
Bg2 Re2 41. Rd8+ Kh7 42. Qf1 Re1 43. c5 Rxf1+ 44. Kxf1 Qc7 45. Rd5 a5 46. c6 a4
47. Rd7 Qc8 48. Ra7 Qf5+ 49. Ke1 Qe5+ 50. Kf1 Qb5+ 51. Ke1 Qb4+ 52. Ke2 Qc4+
53. Ke1 Qc3+ 54. Kf1 Qc4+ 55. Ke1 Qh4+ 56. Kf1 Qf4+ 57. Ke2 Qe5+ 58. Kf1 Qb5+
59. Ke1 Qb1+ 60. Kd2 Qb4+ 61. Ke2 Qb5+ 62. Ke1 Qe5+ 63. Kf1 Qf4+ 64. Ke2 Qc4+
65. Ke1 Qc3+ 66. Kf1 Qa1+ 67. Ke2 Qe5+ 68. Kf1 Qb5+ 69. Ke1 Qb1+ 70. Kd2 Qb4+
71. Ke2 Qc4+ 72. Ke1 Qe6+ 73. Kf1 Qf5+ 74. Ke1 Qe5+ 75. Kf1 Qb5+ 76. Ke1 Qb4+
77. Ke2 Qc4+ 78. Ke1 Qc3+ 79. Kf1 Qa1+ 80. Ke2 Qe5+ 81. Kf1 Qf4+ 82. Ke2
1/2-1/2

[Event "LTU M16"]
[Site "Vilnius"]
[Date "2019.02.17"]
[Round "4.2"]
[White "Ravlusevic, Evelina"]
[Black "Perminaite, Simona"]
[Result "1-0"]
[WhiteElo "1681"]
[BlackElo "1340"]
[PlyCount "155"]
[EventDate "2019.02.15"]

1. d4 Nf6 2. c4 g6 3. Nc3 Bg7 4. e4 d6 5. Bg5 O-O 6. h3 Na6 7. Nf3 e5 8. d5 h6
9. Be3 Qe7 10. a3 Nc5 11. Qc2 a5 12. Rb1 Nh5 13. b4 axb4 14. axb4 Nd7 15. Bd3
Nf4 16. g4 Ng2+ 17. Ke2 Nxe3 18. Kxe3 Nf6 19. Ke2 Nh7 20. Rbg1 Ng5 21. Nxg5
Qxg5 22. f3 Qe7 23. h4 Bd7 24. h5 g5 25. Ra1 Rfb8 26. Ra2 Qe8 27. Rha1 Bf6 28.
Ra7 Rxa7 29. Rxa7 Ra8 30. Qa2 Rxa7 31. Qxa7 Qc8 32. c5 Be7 33. Ke3 f6 34. Bb5
c6 35. Bc4 Kf8 36. Na4 cxd5 37. Nb6 d4+ 38. Kd3 Qc7 39. Qa8+ Be8 40. Bb5 Qd8
41. Bxe8 Qxe8 42. Nd7+ Kf7 43. Qxb7 dxc5 44. bxc5 Qd8 45. c6 Bd6 46. Nxe5+ Ke6
47. Nd7 Bc7 48. Qb3+ Kd6 49. Qd5+ Ke7 50. Qxd4 Kf7 51. Qd5+ Kg7 52. Qf5 Kf7 53.
Qg6+ Ke6 54. Kc4 Qe7 55. Qf5+ Kf7 56. Qh7+ Ke6 57. Qxe7+ Kxe7 58. Kd5 Bf4 59.
Nc5 Bc7 60. Ne6 Be5 61. Ng7 Kf7 62. Nf5 Kg8 63. Nxh6+ Kg7 64. Nf5+ Kf7 65. h6
Kg6 66. Ke6 Kh7 67. Kd7 Kg6 68. c7 Bxc7 69. Kxc7 Kh7 70. Kd6 Kg6 71. Ke6 Kh7
72. Kxf6 Kh8 73. e5 Kg8 74. e6 Kh8 75. e7 Kh7 76. Ke6 Kg6 77. e8=Q+ Kh7 78.
Qf7+ 1-0

[Event "LTU M16"]
[Site "Vilnius"]
[Date "2019.02.17"]
[Round "4.3"]
[White "Meskauskaite, Gabija"]
[Black "Ceponyte, Barbora"]
[Result "0-1"]
[WhiteElo "1259"]
[BlackElo "1096"]
[PlyCount "116"]
[EventDate "2019.02.15"]

1. e4 c6 2. d4 d5 3. Nc3 dxe4 4. Nxe4 Bf5 5. Ng3 Bg6 6. Nf3 h6 7. Bc4 e6 8. Bf4
Nf6 9. c3 Bd6 10. Bxd6 Qxd6 11. O-O Nbd7 12. Qe2 O-O 13. Ne5 Bh7 14. Rad1 Nb6
15. Bd3 Bxd3 16. Qxd3 Nbd5 17. Qf3 Rad8 18. Nc4 Qf4 19. Qxf4 Nxf4 20. Rfe1 Rfe8
21. h3 N4d5 22. Nd2 b5 23. Nde4 Nxe4 24. Nxe4 e5 25. dxe5 Rxe5 26. b3 Rde8 27.
f3 Nxc3 28. Rc1 Nxe4 29. Rxe4 Rxe4 30. fxe4 Rxe4 31. Rxc6 Kf8 32. Rc7 Re7 33.
Rc8+ Re8 34. Rc7 Ra8 35. Kf2 a6 36. Ke3 Rd8 37. Rc6 Ra8 38. Rb6 Ra7 39. Kd3 Ke7
40. Kc3 Kd7 41. Kb4 Kc7 42. Ka5 h5 43. g3 g5 44. Rf6 Kd8 45. Rh6 h4 46. g4 Re7
47. Rxa6 Re2 48. Kxb5 Re3 49. Kc5 Rxh3 50. Rh6 Rg3 51. Rd6+ Ke7 52. Rd4 h3 53.
Rd1 Rxg4 54. b4 h2 55. Rh1 Rh4 56. b5 g4 57. b6 g3 58. b7 Rh8 0-1

[Event "LTU M16"]
[Site "Vilnius"]
[Date "2019.02.17"]
[Round "4.4"]
[White "Maciulaityte, Barbora"]
[Black "Staskeviciute, Darija"]
[Result "1-0"]
[WhiteElo "1707"]
[BlackElo "1575"]
[PlyCount "59"]
[EventDate "2019.02.15"]

1. e4 c5 2. Nf3 Nc6 3. d4 cxd4 4. Nxd4 Nf6 5. Nc3 e5 6. Ndb5 d6 7. Bg5 a6 8.
Na3 b5 9. Nd5 Be6 10. Bxf6 gxf6 11. c3 f5 12. exf5 Bxf5 13. Qf3 Bd7 14. Nf6+
Ke7 15. Nc2 Bg7 16. Nh5 Kf8 17. Bd3 Rc8 18. Ne3 Ne7 19. h4 Be6 20. Nxg7 Kxg7
21. h5 h6 22. g4 f6 23. Rg1 d5 24. Bf5 Qd6 25. Rd1 Rcd8 26. Bxe6 Qxe6 27. Nf5+
Kh7 28. Nxe7 Qxe7 29. Rxd5 Qb7 30. Qf5+ 1-0

[Event "LTU M16"]
[Site "Vilnius"]
[Date "2019.02.17"]
[Round "5.1"]
[White "Karaliute, Vestina"]
[Black "Versekenaite, Gabija"]
[Result "0-1"]
[WhiteElo "1363"]
[BlackElo "1325"]
[PlyCount "108"]
[EventDate "2019.02.15"]

1. d4 Nf6 2. Nf3 g6 3. c4 Bg7 4. Nc3 O-O 5. Bg5 d6 6. e3 Bf5 7. Bd3 Bxd3 8.
Qxd3 c5 9. O-O Nc6 10. Rad1 Nd7 11. Nd5 Re8 12. b3 Kh8 13. Qe4 Kg8 14. Qh4 b6
15. Qe4 Rc8 16. Rd2 Nf8 17. Bh4 Qd7 18. Rfd1 Qe6 19. Qxe6 Nxe6 20. dxc5 Nxc5
21. Nd4 Kf8 22. Nxc6 Rxc6 23. Nb4 Rcc8 24. Nd5 Ne4 25. Rc2 e6 26. Nb4 a5 27.
Na6 g5 28. Bg3 Nxg3 29. hxg3 Rc6 30. b4 b5 31. bxa5 Rxa6 32. cxb5 Rxa5 33. Rb1
Rb8 34. b6 Ke8 35. Rc7 Rc5 36. Ra7 d5 37. a4 Be5 38. a5 h6 39. a6 Rcc8 40. b7
Rd8 41. Rc1 d4 42. Rd1 d3 43. Kf1 Bc7 44. Rxd3 Rxd3 45. Ra8 Rdd8 46. a7 Rxa8
47. b8=Q Bxb8 48. axb8=Q Raxb8 49. Kg1 Rb2 50. f4 gxf4 51. exf4 Rdd2 52. g4
Rxg2+ 53. Kf1 Rgc2 54. g5 Rc1# 0-1

[Event "LTU M16"]
[Site "Vilnius"]
[Date "2019.02.17"]
[Round "5.3"]
[White "Ceponyte, Barbora"]
[Black "Maciulaityte, Barbora"]
[Result "0-1"]
[WhiteElo "1096"]
[BlackElo "1707"]
[PlyCount "76"]
[EventDate "2019.02.15"]

1. d4 Nf6 2. Bf4 g6 3. e3 Bg7 4. Nf3 d5 5. Bd3 O-O 6. O-O c5 7. c3 b6 8. Nbd2
Bb7 9. Qc2 Nc6 10. e4 dxe4 11. Nxe4 cxd4 12. Nxd4 Nxd4 13. cxd4 Qxd4 14. Nxf6+
Bxf6 15. Bc1 Rac8 16. Qb3 Rfd8 17. Be2 Bd5 18. Qg3 Qb4 19. a3 Qb3 20. Qxb3 Bxb3
21. Bf3 Bd5 22. Bxd5 Rxd5 23. Rb1 Rd3 24. h3 Rc2 25. Re1 e6 26. b4 Bd4 27. Rf1
Rxf2 28. Rxf2 Rd1+ 29. Kh2 Bxf2 30. Rb2 Bg1+ 31. Kg3 Rxc1 32. a4 Rc3+ 33. Kf4
Re3 34. Rb1 e5+ 35. Kg4 Bf2 36. Rb2 Bg3 37. h4 f5+ 38. Kg5 Kg7 0-1

[Event "LTU M16"]
[Site "Vilnius"]
[Date "2019.02.17"]
[Round "5.4"]
[White "Perminaite, Simona"]
[Black "Meskauskaite, Gabija"]
[Result "0-1"]
[WhiteElo "1340"]
[BlackElo "1259"]
[PlyCount "140"]
[EventDate "2019.02.15"]

1. e4 e5 2. Nf3 Nc6 3. Bc4 Be7 4. c3 Nf6 5. d3 O-O 6. O-O d6 7. Bb3 Bg4 8. Be3
h6 9. Re1 Re8 10. Nbd2 Qd7 11. Nf1 a6 12. Ng3 Rad8 13. h3 Be6 14. Bxe6 Qxe6 15.
Nf5 Bf8 16. Nh2 Ne7 17. g4 c6 18. Qf3 d5 19. Rad1 Ng6 20. Qg3 dxe4 21. Bb6 Rxd3
22. Rxd3 exd3 23. Qxd3 Qxa2 24. b4 Nd5 25. Be3 Qb3 26. Bd2 Bxb4 27. Nd4 Qa3 28.
Nc2 Ngf4 29. Qg3 Qb2 30. Bxf4 Bxc3 31. Bc1 Qxc2 32. Rf1 a5 33. Nf3 a4 34. Nh4
Bd2 35. Ba3 b5 36. Nf5 Qc3 37. Qxc3 Bxc3 38. Nd6 Re6 39. Ne4 Bd4 40. Rb1 Nc3
41. Nxc3 Bxc3 42. Kf1 Bd4 43. Ke2 Re8 44. Rc1 c5 45. Bxc5 Bxc5 46. Rxc5 Rb8 47.
Kd3 f6 48. Kc3 Kh7 49. Kb4 Kg6 50. Rc7 Kh7 51. f3 Ra8 52. Kxb5 a3 53. Rc1 a2
54. Ra1 Kg6 55. Kc4 Kg5 56. Kd3 Kh4 57. Ke2 Kxh3 58. Kf2 Kh4 59. Ke3 Kg5 60.
Ke4 g6 61. Ke3 f5 62. gxf5 gxf5 63. f4+ exf4+ 64. Kf3 Ra3+ 65. Kf2 Kg4 66. Rg1+
Rg3 67. Ra1 f3 68. Rc1 Rg2+ 69. Kf1 Kg3 70. Rd1 Rb2 0-1

[Event "LTU M16"]
[Site "Vilnius"]
[Date "2019.02.17"]
[Round "5.5"]
[White "Plutaite, Ausra"]
[Black "Ravlusevic, Evelina"]
[Result "0-1"]
[WhiteElo "1388"]
[BlackElo "1681"]
[PlyCount "88"]
[EventDate "2019.02.15"]

1. e4 c5 2. Nc3 Nc6 3. f4 e6 4. Bb5 d5 5. Bxc6+ bxc6 6. d3 Rb8 7. Nf3 d4 8. Ne2
Nf6 9. O-O Ba6 10. Qe1 Be7 11. Ne5 Qc7 12. Qg3 O-O 13. Ng4 Nxg4 14. Qxg4 f5 15.
Qh5 g6 16. Qh6 Bf6 17. e5 Bg7 18. Qh4 Qd8 19. Qh3 c4 20. Kh1 cxd3 21. cxd3 c5
22. b3 Qd5 23. Ng1 h6 24. Ba3 Rfe8 25. Rf3 Bb7 26. Rg3 Kf7 27. Nf3 Rg8 28. Rc1
Rbc8 29. Rc4 Ba6 30. Ra4 Qb7 31. Nh4 Bf8 32. Bc1 Bb5 33. Ra5 a6 34. Bd2 Bc6 35.
Bc1 Qb4 36. Nf3 Qxa5 37. Qh4 Qd8 38. Qh3 Bxf3 39. Rxf3 h5 40. Bd2 Be7 41. Be1
a5 42. Rg3 a4 43. bxa4 Rb8 44. Bf2 Bh4 0-1